| 000 | 00389nam a22001577a 4500 | ||
|---|---|---|---|
| 020 | _a9789332550117 | ||
| 040 | _cNUST | ||
| 082 |
_a006.73 _bFOR |
||
| 100 |
_aDavid A. Forsyth, _9124034 |
||
| 110 |
_aJean Ponce _9124035 |
||
| 245 | _aComputer Vision A Modern Approach | ||
| 250 | _aSecond Edition | ||
| 260 |
_aIndia: _bPearson, _c2018 |
||
| 650 | _aComputer Vision | ||
| 942 |
_2ddc _cBK |
||
| 999 |
_c610010 _d610010 |
||